000 00344nam a2200145Ia 4500
100 _aHoffman/Kevin/ Foster/Robert
942 _cBK
366 _f20
245 _aMicrosoft share point 2007 development unleashed
260 _bPearson Education
_c2007
082 _a5.133
_bHOF
300 _a412
546 _aENGLISH
_cComputers
999 _c17788
_d17788